| Tag |
First Indicator |
Second Indicator |
Subfields |
| LEADER |
00000nam a2200000Ia 4500 |
| 001 |
in00004186569 |
| 005 |
20200810073008.0 |
| 006 |
m g d |
| 007 |
cr bn |||a|bb| |
| 008 |
850702s1688 enk o 00| | eng d |
| 035 |
|
|
|a (OCoLC)12226577
|
| 040 |
|
|
|a EAA
|c EAA
|d m/c
|d WaOLN
|
| 037 |
|
|
|a CL0037000027
|b ProQuest Information and Learning. 300 N. Zeeb Rd., Ann Arbor, MI 48106
|
| 049 |
|
|
|a UMIA
|
| 100 |
0 |
|
|a M. B.,
|c Esq.
|
| 245 |
1 |
3 |
|a An account of the late proposals of the Archbishop of Canterbury :
|b with some other bishops to his Majesty, in a letter to M.B., Esq.
|
| 260 |
|
|
|a [London :
|b publisher not identified,
|c 1688]
|
| 300 |
|
|
|a 1 online resource (4 pages)
|
| 336 |
|
|
|a text
|b txt
|2 rdacontent
|
| 337 |
|
|
|a computer
|b c
|2 rdamedia
|
| 338 |
|
|
|a online resource
|b cr
|2 rdacarrier
|
| 500 |
|
|
|a Reproduction of original in Huntington Library.
|
| 500 |
|
|
|a Caption title.
|
| 500 |
|
|
|a Signed: N. N.
|
| 500 |
|
|
|a The archbishop was William Sancroft.
|
| 510 |
4 |
|
|a Wing
|c N25
|
| 533 |
|
|
|a Electronic reproduction.
|b Ann Arbor, Mich. :
|c UMI,
|d 1999-
|f (Early English books online)
|n Digital version of: (Early English books, 1641-1700 ; 872:5)
|7 s1999 miun s
|
| 610 |
2 |
0 |
|a Church of England.
|
| 700 |
1 |
|
|a Sancroft, William,
|d 1617-1693.
|
| 700 |
0 |
|
|a N. N.
|
| 830 |
|
0 |
|a Early English books online.
|
| 856 |
4 |
0 |
|u http://proxy.library.tamu.edu/login?url=https://search.proquest.com/docview/2240935580
|z Connect to the full text of this electronic book
|t 0
|
| 999 |
f |
f |
|s 2449482f-b4b7-3d6e-9ac0-94d24a63b39b
|i 98d5eddd-c609-3056-8809-11b434aa9302
|t 0
|
| 952 |
f |
f |
|a Texas A&M University
|b College Station
|c Electronic Resources
|d Available Online
|t 0
|h No information provided
|
| 998 |
f |
f |
|t 0
|l Available Online
|